LEADER 01017cam0-2200301---450- 001 990005755070403321 005 20151013085605.0 035 $a000575507 035 $aFED01000575507 035 $a(Aleph)000575507FED01 035 $a000575507 100 $a19990604g18981901km-y1itay50------ba 101 0 $afre 102 $aFR 105 $ay-------001yy 200 1 $a<>vieux chants populaires scandinaves (Gamle nordiske folkeviser)$eétude de littérature comparée$fpar Lèon Pineau 210 $aParis$cLibr. Émile Bouillon$d1898-1901 215 $a2 v. in 1 (XIV, 334; 584 p.)$d26 cm 327 1 $a1.: Époque sauvage : les chants de magie. - 1898$a2.: Époque barbare : la légende divine et héroique. - 1901 610 0 $aCanti popolari scandinavi 676 $a398.20948$v22$zita 700 1$aPineau,$bLéon 801 0$aIT$bUNINA$gREICAT$2UNIMARC 901 $aBK 912 $a990005755070403321 952 $a398.20948 PIN 1 (1-2)$bIst.Glott. s.i.$fFLFBC 959 $aFLFBC 997 $aUNINA LEADER 01165cam0-2200313---450- 001 990005614710403321 005 20101111110023.0 035 $a000561471 035 $aFED01000561471 035 $a(Aleph)000561471FED01 035 $a000561471 100 $a19990604f19001999km-y0itay50------ba 101 0 $aita 102 $aIT 105 $aa---b---000yy 200 1 $aMostra delle armi da fuoco anghiaresi e dell'Appennino tosco-emiliano$eAnghiari, Palazzo Taglieschi$fordinatore della Mostra e compilatore del catalogo Marcello Terenzi 210 $aSansepolcro$cStabilimento arti grafiche$d[1968?] 215 $a1 v. (senza paginazione)$cill.$d25 cm 610 0 $aArmi da fuoco$aSec. 17.-19.$aEsposizioni$a1968 676 $a739.7 702 1$aTerenzi,$bMarcello 710 12$aMostra delle armi da fuoco anghiaresi e dell'Appennino tosco-emiliano$e<1968 ;$fAnghiari>$0434766 801 0$aIT$bUNINA$gRICA$2UNIMARC 901 $aBK 912 $a990005614710403321 952 $a739.7 MOSTRE ANGHIARI 1968$bST.ARTE 10240$fFLFBC 959 $aFLFBC 996 $aMostra delle armi da fuoco anghiaresi e dell'Appennino tosco-emiliano$9603332 997 $aUNINA LEADER 01157cam0-2200349---450- 001 990007174230403321 005 20160309102047.0 035 $a000717423 035 $aFED01000717423 035 $a(Aleph)000717423FED01 035 $a000717423 100 $a20021021d1984----km-y0itay50------ba 101 0 $aita 102 $aIT 200 1 $a<>cultura italiana negli anni '30-'45$eomaggio ad Alfonso Gatto$eatti del Convegno, Salerno 21-24 aprile 1980 210 $aNapoli$cEdizioni Scientifiche Italiane$d1984 215 $a2 v.$d24 cm 225 1 $aPubblicazioni dell'Università degli studi di Salerno$iSezione Atti, convegni, miscellanee$v6 610 0 $aLetteratura italiana$a1930-1945$aCongressi$a1980 610 0 $aItalia$aCultura$a1930-1945$aCongressi$a1980 676 $a850.09 676 $a850.900912$v22$zita 702 1$aGatto,$bAlfonso 801 0$aIT$bUNINA$gRICA$2UNIMARC 901 $aBK 912 $a990007174230403321 952 $aZ-50A/B$b38 ECONOMATO$fDDRC 952 $a850.900912 GAT 1(1)$bBibl.5751$fFLFBC 952 $a850.900912 GAT 1(2)$bBibl.5751$fFLFBC 959 $aDDRC 959 $aFLFBC 997 $aUNINA